000 00614nam a22002177a 4500
003 KOHA_MİRAKIL
005 20260406112110.0
008 260406b tu ||||| |||| 00| 0 tur d
020 _a9789944188098
040 _aTR-AnABB
_btur
_cTR-AnABB
041 _atur
082 _a813.42
_bOZE 2008
100 1 _aÖzer, Ahmet
245 1 0 _aYer değiştiriyoruz hayatla /
_cAhmet Özer
260 _aİstanbul :
_bSarissa yayıncılık,
_c2008
300 _a214 sayfa ;
_c20 cm
500 _ayazar imzalı
650 0 4 _aTürk edebiyatı, roman
900 _bCem ÖZOGLU
942 _2ddc
_cBK
999 _c10166
_d10166